[Event "XXXVII Olimpiadi femminile"]
[Site "Torino ITA"]
[Date "2006.05.29"]
[Round "8.2"]
[White "Moncayo Romero, Evelyn"]
[Black "Delgado Crespo, Mairelys"]
[Result "0-1"]
[WhiteElo "2261"]
[BlackElo "2296"]
[Annotator "ESP-ECU"]
[PlyCount "158"]
[EventDate "2006.05.21"]

1. e4 e6 2. d4 d5 3. Nd2 Nf6 4. e5 Ne4 5. Bd3 Nxd2 6. Bxd2 c5 7. c3 Qb6 8. Qb3
cxd4 9. Qxb6 axb6 10. cxd4 Nc6 11. Ne2 Bd7 12. O-O Be7 13. a3 Na5 14. Bc3 Nc4
15. f4 g6 16. Rf3 h5 17. Bxc4 dxc4 18. d5 Bc5+ 19. Kh1 b5 20. Rd1 O-O-O 21. d6
Bc6 22. Rh3 Rdg8 23. Nd4 Bxd4 24. Bxd4 g5 25. f5 h4 26. fxe6 fxe6 27. Bf2 Rf8
28. Kg1 Rf5 29. Re1 Rhf8 30. Bc5 Kd7 31. Bd4 Rf4 32. Be3 Rg4 33. Re2 Re4 34.
Rf2 Rxf2 35. Bxf2 Rxe5 36. Re3 Rd5 37. Be1 Kxd6 38. Bb4+ Kd7 39. h3 Rd1+ 40.
Kf2 Rd4 41. g3 Rd1 42. gxh4 gxh4 43. Be1 Rb1 44. Re2 Kd6 45. Ke3 e5 46. Bxh4
Rh1 47. Bg3 Rxh3 48. Kf2 Rh5 49. Re3 Ke6 50. Re1 Rf5+ 51. Ke2 Rf3 52. Bh2 Rb3
53. Kd1 Rxb2 54. Rxe5+ Kd7 55. Bf4 Rb3 56. Re3 Rb2 57. Be5 Rg2 58. Bc3 Rg4 59.
Bb4 Be4 60. Kd2 Kc6 61. Kc3 Kd5 62. Bf8 Rg2 63. Be7 Bg6 64. Bf6 Be4 65. Bh8 Rg1
66. Bf6 Rf1 67. Bg7 Rb1 68. Kd2 b4 69. axb4 Rxb4 70. Rh3 Rb1 71. Rh5+ Kc6 72.
Kc3 Bd5 73. Bf8 Rb3+ 74. Kd2 Rd3+ 75. Kc2 Kb5 76. Rg5 Ka4 77. Rg1 Be4 78. Ra1+
Ra3+ 79. Kb2 c3+ 0-1

[Event "XXXVII Olimpiadi femminile"]
[Site "Torino ITA"]
[Date "2006.05.29"]
[Round "8.2"]
[White "Ciuksyte, Dagne"]
[Black "Hamrakulova, Yulduz"]
[Result "1-0"]
[WhiteElo "2423"]
[BlackElo "2187"]
[Annotator "UZB-LTU"]
[PlyCount "123"]
[EventDate "2006.05.21"]

1. e4 e5 2. Nf3 Nf6 3. d4 Nxe4 4. Bd3 d5 5. Nxe5 Nd7 6. Nxd7 Bxd7 7. O-O Bd6 8.
Nc3 Nxc3 9. bxc3 O-O 10. Qh5 f5 11. Rb1 Rb8 12. Re1 g6 13. Qf3 c6 14. c4 Qh4
15. g3 Qxd4 16. Be3 Qc3 17. cxd5 c5 18. Bf4 Qf6 19. Bb5 Bxf4 20. Qxf4 Bxb5 21.
Rxb5 b6 22. Rb3 Rbe8 23. Rbe3 Rxe3 24. Rxe3 Rf7 25. Kg2 Kg7 26. h4 Qd4 27.
Qxd4+ cxd4 28. Rd3 Rc7 29. d6 Rd7 30. Rxd4 Kf6 31. Kf3 h6 32. c4 Ke6 33. h5 g5
34. g4 fxg4+ 35. Kxg4 a6 36. Rd3 Ke5 37. Rd5+ Ke6 38. Rd3 Ke5 39. f3 Ke6 40. f4
gxf4 41. Kxf4 Rf7+ 42. Ke4 Kd7 43. Rb3 Kc6 44. Ke5 Rf2 45. Rd3 Kd7 46. Ra3 a5
47. c5 Re2+ 48. Kd5 Rd2+ 49. Ke4 bxc5 50. Rxa5 c4 51. Ke5 Re2+ 52. Kd5 Rd2+ 53.
Kxc4 Rxd6 54. Ra7+ Ke6 55. Rg7 Ke5 56. Rg6 Rd4+ 57. Kc3 Rh4 58. Rxh6 Kf5 59.
Rh8 Kf6 60. h6 Kg6 61. Ra8 Kf7 62. h7 1-0

[Event "XXXVII Olimpiadi femminile"]
[Site "Torino ITA"]
[Date "2006.05.29"]
[Round "8.3"]
[White "Khamrakulova, Shakhnoza"]
[Black "Batyte, Daiva"]
[Result "0-1"]
[WhiteElo "2032"]
[BlackElo "2170"]
[Annotator "UZB-LTU"]
[PlyCount "50"]
[EventDate "2006.05.21"]

1. e4 e5 2. Nf3 Nf6 3. Nxe5 d6 4. Nf3 Nxe4 5. d4 d5 6. Be2 Be7 7. O-O O-O 8.
Bf4 Nc6 9. Nbd2 Bf5 10. Rc1 Bf6 11. Nb3 Re8 12. c3 Qe7 13. Re1 g5 14. Be5 g4
15. Nfd2 Bxe5 16. dxe5 Nxe5 17. Nf1 Rad8 18. Nd4 Qf6 19. f3 gxf3 20. Bxf3 Ng5
21. Ne3 Ngxf3+ 22. gxf3 Bg6 23. Ng2 c5 24. Rxe5 Qxe5 25. Qa4 Qg5 0-1

[Event "XXXVII Olimpiadi femminile"]
[Site "Torino ITA"]
[Date "2006.05.29"]
[Round "8.1"]
[White "Geldyeva, Mekhri"]
[Black "Munguntuul, Batkhuyag"]
[Result "0-1"]
[WhiteElo "2274"]
[BlackElo "2378"]
[Annotator "TKM-MGL"]
[PlyCount "82"]
[EventDate "2006.05.21"]

1. d4 d5 2. c4 c6 3. Nc3 Nf6 4. Nf3 dxc4 5. a4 e6 6. e3 Nbd7 7. Bxc4 Be7 8. O-O
O-O 9. h3 c5 10. Qe2 cxd4 11. Nxd4 Ne5 12. Ba2 Bd7 13. Rd1 Qc7 14. e4 Ng6 15.
Be3 a6 16. Rac1 Qe5 17. Qf1 Qb8 18. f4 e5 19. fxe5 Qxe5 20. Nf3 Qa5 21. Qf2
Rac8 22. Bb6 Qb4 23. e5 Ne4 24. Nxe4 Qxe4 25. Rxc8 Bxc8 26. Rd4 Qc6 27. a5 Be6
28. Bxe6 fxe6 29. Qe3 Rf5 30. b4 Qb5 31. Qb3 Kf7 32. g4 Rf4 33. Rd6 Bxd6 34.
Ng5+ Kg8 35. Qxe6+ Kh8 36. exd6 Rf1+ 37. Kh2 Qxg5 38. Qe8+ Nf8 39. Be3 Qd5 40.
Qe7 Qh1+ 41. Kg3 Rf3+ 0-1

[Event "XXXVII Olimpiadi femminile"]
[Site "Torino ITA"]
[Date "2006.05.29"]
[Round "8.2"]
[White "Bayaraa, Zorigt"]
[Black "Hallaeva, Bahar"]
[Result "0-1"]
[WhiteElo "2102"]
[BlackElo "2135"]
[Annotator "TKM-MGL"]
[PlyCount "98"]
[EventDate "2006.05.21"]

1. e4 e5 2. Nf3 Nc6 3. Bc4 Nf6 4. d3 Bc5 5. c3 d6 6. Nbd2 Be6 7. a4 a5 8. O-O
O-O 9. h3 Qe7 10. Re1 Nd7 11. Bb5 Qf6 12. Nf1 h6 13. Be3 Bxe3 14. Nxe3 Nb6 15.
d4 Ne7 16. Bf1 g5 17. Nh2 Qg7 18. g3 f6 19. Bg2 Qf7 20. d5 Bc8 21. Qd2 Bd7 22.
b3 Qe8 23. Qd3 Qc8 24. Nhg4 Kh7 25. f3 h5 26. Nf2 Rg8 27. Kh2 Ng6 28. Nf5 h4
29. Ng4 Qf8 30. Nge3 Nc8 31. Qc4 Qd8 32. Rg1 hxg3+ 33. Kxg3 Bxf5 34. Nxf5 Nce7
35. Ne3 Nh4 36. b4 Neg6 37. bxa5 Rxa5 38. Rgb1 b6 39. Rb5 Ra8 40. a5 Rxa5 41.
Raxa5 bxa5 42. Rxa5 Qb8 43. Rb5 Qa7 44. Ng4 Rf8 45. Nf2 Nf4 46. Qc6 Ne2+ 47.
Kg4 Kg6 48. f4 Qxf2 49. f5+ Nxf5 0-1

[Event "XXXVII Olimpiadi femminile"]
[Site "Torino ITA"]
[Date "2006.05.29"]
[Round "8.3"]
[White "Ovezova, Maisa"]
[Black "Ankhchimeg, Bayanmunh"]
[Result "0-1"]
[WhiteElo "2137"]
[BlackElo "2252"]
[Annotator "TKM-MGL"]
[PlyCount "108"]
[EventDate "2006.05.21"]

1. d4 Nf6 2. Nc3 d5 3. Bg5 Nbd7 4. e3 e6 5. Nf3 h6 6. Bh4 Bb4 7. a3 Be7 8. Bd3
O-O 9. O-O c5 10. b3 b6 11. Ne5 Bb7 12. f4 Rc8 13. Be1 Ne4 14. Nxe4 dxe4 15.
Bb5 Nxe5 16. dxe5 Bd5 17. Qe2 Qc7 18. Ba6 Rcd8 19. Bc3 Rd7 20. g4 f5 21. gxf5
Rxf5 22. Rf2 Kh7 23. Rg2 Bd8 24. Bb5 Rdf7 25. Be8 g5 26. Bxf7 Qxf7 27. fxg5
Bxg5 28. Rf2 Rf3 29. Rxf3 exf3 30. Qd3+ Kg8 31. Be1 Qh5 32. Bg3 Qh3 33. Qf1
Bxe3+ 34. Bf2 Qg4+ 35. Kh1 Kf7 36. h3 Qf5 37. Re1 Bxf2 38. Qxf2 Qxh3+ 39. Kg1
h5 40. c4 Bc6 41. Rd1 h4 42. Rd6 Be4 43. Rd7+ Kg6 44. Rd8 Kf7 45. Rd7+ Kf8 46.
Rd8+ Kg7 47. Rd7+ Kg6 48. Rd8 Kf7 49. Rh8 Qg4+ 50. Kh2 Qf4+ 51. Kg1 Qg5+ 52.
Kh2 Qxe5+ 53. Kh3 Bf5+ 54. Kxh4 Qf4+ 0-1

[Event "XXXVII Olimpiadi femminile"]
[Site "Torino ITA"]
[Date "2006.05.29"]
[Round "8.1"]
[White "De Blecourt Dalsberg, Sandra"]
[Black "Stock, Lara"]
[Result "0-1"]
[WhiteElo "2077"]
[BlackElo "2200"]
[Annotator "DEN-CRO"]
[PlyCount "66"]
[EventDate "2006.05.21"]

1. d4 d5 2. c4 e5 3. dxe5 d4 4. Nf3 Nc6 5. a3 Nge7 6. Bg5 h6 7. Bxe7 Bxe7 8.
Nbd2 Bg4 9. Qc2 Qd7 10. O-O-O Qe6 11. Qb3 O-O-O 12. e3 Bc5 13. exd4 Nxd4 14.
Nxd4 Rxd4 15. f3 Bf5 16. Be2 Qxe5 17. Ne4 Bxe4 18. fxe4 Qxe4 19. Bd3 Qxg2 20.
Rhg1 Qxh2 21. Rxg7 Qf4+ 22. Kb1 Qf6 23. Rg2 Rhd8 24. Rf1 Rf4 25. Rxf4 Qxf4 26.
Qc2 Kb8 27. Bf5 a6 28. Rg4 Qf1+ 29. Ka2 Rd1 30. Rg8+ Ka7 31. Bg4 Rc1 32. Be2
Rxc2 33. Bxf1 Bd4 0-1

[Event "XXXVII Olimpiadi femminile"]
[Site "Torino ITA"]
[Date "2006.05.29"]
[Round "8.3"]
[White "Bekker-Jensen, Anne"]
[Black "Franciskovic, Borka"]
[Result "0-1"]
[WhiteElo "2015"]
[BlackElo "2144"]
[Annotator "DEN-CRO"]
[PlyCount "72"]
[EventDate "2006.05.21"]

1. d4 Nf6 2. c4 e6 3. Nc3 Bb4 4. e3 c5 5. Bd3 O-O 6. Nge2 cxd4 7. exd4 d5 8.
cxd5 Qxd5 9. O-O Qh5 10. Ng3 Qxd1 11. Rxd1 Nc6 12. Bc2 Rd8 13. Nge2 h6 14. h3
b6 15. Be3 Bb7 16. a3 Bf8 17. Rac1 Rac8 18. Ng3 Na5 19. Na4 Bd5 20. Nc3 Nc4 21.
Nxd5 Nxd5 22. Be4 Nxb2 23. Rxc8 Rxc8 24. Rc1 Rxc1+ 25. Bxc1 Bxa3 26. Bxd5 exd5
27. Nf5 Kf8 28. Kf1 Nc4 29. Bxa3+ Nxa3 30. Ne3 Nb5 31. Nxd5 Nxd4 32. Ke1 Ke8
33. Kd2 Kd7 34. Kd3 Ne6 35. Kc4 Nc7 36. Nb4 Kd6 0-1

[Event "XXXVII Olimpiadi femminile"]
[Site "Torino ITA"]
[Date "2006.05.29"]
[Round "8.1"]
[White "Sukandar, Irine Kharisma"]
[Black "Smokina, Karolina"]
[Result "1-0"]
[WhiteElo "2213"]
[BlackElo "2252"]
[Annotator "INA-MDA"]
[PlyCount "119"]
[EventDate "2006.05.21"]

1. e4 c5 2. Nf3 Nc6 3. d4 cxd4 4. Nxd4 e5 5. Nb5 a6 6. Nd6+ Bxd6 7. Qxd6 Qf6 8.
Qd1 Qg6 9. Nc3 Nge7 10. Be3 d6 11. Qd2 f5 12. O-O-O O-O 13. Qxd6 Rf6 14. Qc7 f4
15. Bc5 Qe8 16. Bxe7 Qxe7 17. Qxe7 Nxe7 18. Rd8+ Kf7 19. Bc4+ Kg6 20. Re8 b5
21. Rxe7 bxc4 22. Nd5 Rf7 23. Rxf7 Kxf7 24. Nb6 Rb8 25. Nxc4 Kf6 26. Rd1 Be6
27. Rd6 Ke7 28. Rc6 Bxc4 29. Rxc4 Kd6 30. f3 g5 31. Rc3 h5 32. Rd3+ Ke6 33. h3
g4 34. hxg4 hxg4 35. c4 Rc8 36. b3 Rh8 37. c5 a5 38. a3 Rb8 39. c6 gxf3 40.
gxf3 Rc8 41. Rc3 Kd6 42. c7 Rxc7 43. Rxc7 Kxc7 44. Kc2 Kb6 45. Kc3 Kb5 46. b4
a4 47. Kd3 Kc6 48. Kc4 Kb6 49. Kd5 Kb5 50. Kxe5 Kc4 51. Kd6 Kb3 52. b5 Kxa3 53.
b6 Ka2 54. b7 a3 55. b8=Q Ka1 56. Qa7 a2 57. Ke5 Kb1 58. Kxf4 a1=Q 59. Qxa1+
Kxa1 60. e5 1-0

[Event "XXXVII Olimpiadi femminile"]
[Site "Torino ITA"]
[Date "2006.05.29"]
[Round "8.2"]
[White "Partac, Elena"]
[Black "Lindiawati, Evi"]
[Result "1-0"]
[WhiteElo "2095"]
[BlackElo "2145"]
[Annotator "INA-MDA"]
[PlyCount "87"]
[EventDate "2006.05.21"]

1. e4 d5 2. exd5 Qxd5 3. Nc3 Qa5 4. d4 Nf6 5. Bc4 Bf5 6. Nf3 e6 7. O-O c6 8.
Bd2 Qc7 9. h3 Nbd7 10. Bb3 Bd6 11. Qe2 O-O-O 12. Rfe1 h6 13. Rad1 g5 14. Ne5
Bxe5 15. dxe5 Nd5 16. Nxd5 exd5 17. Qe3 Kb8 18. Bb4 c5 19. Ba3 d4 20. Qf3 Be6
21. Bxe6 fxe6 22. Rxd4 Rdf8 23. Qe2 Rf5 24. Re4 Rhf8 25. f3 Ka8 26. c4 Rf4 27.
b3 Qa5 28. Bc1 Rxe4 29. Qxe4 Rf5 30. Bb2 Rf4 31. Qe2 Qxa2 32. Rd1 Rf7 33. Qc2
Qa5 34. Qg6 Re7 35. Qg8+ Nb8 36. Rd8 Qxd8 37. Qxd8 Rd7 38. Qe8 Rd2 39. Bc3 Rd3
40. Be1 Re3 41. Bf2 Rxb3 42. Bxc5 b5 43. cxb5 a6 44. Qe7 1-0

[Event "XXXVII Olimpiadi femminile"]
[Site "Torino ITA"]
[Date "2006.05.29"]
[Round "8.3"]
[White "Tidman, Sophie E."]
[Black "Blazkova, Petra"]
[Result "0-1"]
[WhiteElo "2086"]
[BlackElo "2242"]
[Annotator "ENG-CZE"]
[PlyCount "98"]
[EventDate "2006.05.21"]

1. e4 c5 2. Nf3 d6 3. d4 cxd4 4. Nxd4 Nf6 5. Nc3 a6 6. Be3 e6 7. f3 b5 8. Qd2
Nbd7 9. g4 Nb6 10. a4 b4 11. Na2 Nxa4 12. Nxb4 Nc5 13. Be2 Bb7 14. O-O Qc7 15.
Rfd1 Be7 16. Nd3 O-O 17. Qa5 Qc8 18. b4 Ncd7 19. g5 Ne8 20. Qa2 Ne5 21. Nb2 d5
22. exd5 exd5 23. Na4 Qh3 24. Nb6 Rd8 25. Qb3 Bd6 26. Bf4 Ng6 27. Bxd6 Nxd6 28.
Qe3 Rfe8 29. Qf2 Nf4 30. Bf1 Qh5 31. h4 Ng6 32. Be2 Nf4 33. Bf1 h6 34. Qg3 Ng6
35. Qg4 Qxg4+ 36. fxg4 Re4 37. Bxa6 Rxg4+ 38. Kf1 Bxa6+ 39. Rxa6 Rxh4 40. Nf3
Rh1+ 41. Ke2 Nf4+ 42. Kd2 Nc4+ 43. Nxc4 dxc4+ 44. Ke3 Ng2+ 45. Kf2 Rhxd1 46.
Kxg2 hxg5 47. Nxg5 R1d2+ 48. Kf3 Rxc2 49. Ra7 Rb2 0-1

[Event "XXXVII Olimpiadi femminile"]
[Site "Torino ITA"]
[Date "2006.05.29"]
[Round "8.1"]
[White "Sanchez Castillo, Sarai"]
[Black "Pavlovskaia, Evgenia"]
[Result "1-0"]
[WhiteElo "2176"]
[BlackElo "2182"]
[Annotator "VEN-SWE"]
[PlyCount "51"]
[EventDate "2006.05.21"]

1. e4 c6 2. d4 d5 3. Nd2 dxe4 4. Nxe4 h6 5. Nf3 Bf5 6. Ng3 Bh7 7. Bc4 e6 8. O-O
Nf6 9. Bf4 Nd5 10. Bd2 Bd6 11. Bb3 O-O 12. Re1 Nd7 13. Ne5 c5 14. c3 Rc8 15.
Qe2 Nxe5 16. dxe5 Bb8 17. Qg4 Bg6 18. Rad1 Qe8 19. Bxd5 exd5 20. f4 Rc6 21. f5
Qc8 22. e6 fxe6 23. fxg6 Qd7 24. Rf1 Rcc8 25. Rde1 Bxg3 26. Qxg3 1-0

[Event "XXXVII Olimpiadi femminile"]
[Site "Torino ITA"]
[Date "2006.05.29"]
[Round "8.2"]
[White "Jiretorn, Eva"]
[Black "Hernandez, Zaida"]
[Result "1-0"]
[WhiteElo "2117"]
[BlackElo "2046"]
[Annotator "VEN-SWE"]
[PlyCount "113"]
[EventDate "2006.05.21"]

1. d4 d5 2. c4 c6 3. Nf3 Nf6 4. e3 e6 5. Qc2 Nbd7 6. Nc3 Bd6 7. g4 dxc4 8. Bxc4
Nd5 9. Bd2 b5 10. Be2 Qb6 11. Rc1 Nxc3 12. bxc3 Bb7 13. Rb1 Qc7 14. c4 bxc4 15.
Qxc4 c5 16. h3 Bd5 17. Qa6 cxd4 18. O-O Nc5 19. Qb5+ Bc6 20. Qb2 d3 21. Bd1 O-O
22. Bb4 Rab8 23. Qc1 Ne4 24. Bxd6 Qxd6 25. Rxb8 Rxb8 26. Nd4 Bd5 27. f4 Qa6 28.
Bb3 Rc8 29. Qd1 Nc3 30. Qd2 Nxa2 31. Bxd5 exd5 32. Qb2 Nc3 33. Kh1 Qa2 34. Qb7
Qc4 35. Nf5 Qe4+ 36. Kh2 Re8 37. Nd6 Qe7 38. Qc6 Rd8 39. Qxc3 Qxd6 40. Qxd3 Re8
41. Rd1 Qb6 42. Qd4 Rxe3 43. Qxb6 axb6 44. Rxd5 Kf8 45. Rb5 Re6 46. f5 Rd6 47.
Kg3 Ke7 48. Kf4 Kd7 49. Ke5 f6+ 50. Ke4 Kc6 51. Rb1 Rd5 52. Rxb6+ Kxb6 53. Kxd5
Kc7 54. Ke6 Kd8 55. Kf7 Kd7 56. Kxg7 Ke7 57. h4 1-0

[Event "XXXVII Olimpiadi femminile"]
[Site "Torino ITA"]
[Date "2006.05.29"]
[Round "8.1"]
[White "Atalik Polovnikova, Ekaterina"]
[Black "Berntsen, Sheila Barth"]
[Result "1-0"]
[WhiteElo "2393"]
[BlackElo "2159"]
[Annotator "TUR-NOR"]
[PlyCount "153"]
[EventDate "2006.05.21"]

1. d4 d5 2. c4 c6 3. Nf3 Nf6 4. Nc3 dxc4 5. a4 Bf5 6. Ne5 Nbd7 7. Nxc4 Qc7 8.
g3 e5 9. dxe5 Nxe5 10. Bf4 Nfd7 11. Bg2 Be6 12. Nxe5 Nxe5 13. O-O Be7 14. Qc2
g5 15. Nb5 Qb8 16. Bxe5 Qxe5 17. Bxc6+ Kf8 18. Bxb7 Rb8 19. Bg2 a6 20. Nc3 h5
21. Rab1 h4 22. Qe4 Qc5 23. Nd5 Bd6 24. Rfc1 Qa7 25. Qe3 Qxe3 26. Nxe3 hxg3 27.
hxg3 Be5 28. Bd5 Bd7 29. Nc4 Bg7 30. a5 f5 31. Nb6 Bb5 32. Rc7 Bd4 33. Rbc1
Bxb2 34. Rf7+ Ke8 35. Rcc7 f4 36. gxf4 gxf4 37. Rxf4 Rh6 38. Rg4 Kd8 39. Rf7
Rh8 40. Bc4 Bc6 41. e4 Bc3 42. Rg6 Bxa5 43. Rd6+ Ke8 44. Rxc6 Bxb6 45. Rff6 Bd8
46. Rfe6+ Kd7 47. Rcd6+ Kc7 48. Rxa6 Rg8+ 49. Kf1 Rb1+ 50. Ke2 Rb2+ 51. Ke3 Rf8
52. f4 Rh8 53. Bd5 Rb4 54. Ra7+ Kc8 55. Kf3 Rh3+ 56. Kg4 Rh4+ 57. Kf5 Bc7 58.
Ra8+ Bb8 59. Re8+ Kc7 60. Be6 Rh5+ 61. Kg6 Rhb5 62. e5 Kc6 63. Rc8+ Bc7 64. Ra7
Rb7 65. Ra6+ Kb5 66. Ra2 Rxf4 67. Bd7+ Kc5 68. e6 Rg4+ 69. Kh5 Rg7 70. Rc2+ Kd6
71. Rc6+ Ke5 72. R8xc7 Rb2 73. Rc2 Rb1 74. Rc1 Rb2 75. R7c2 Rb3 76. e7 Kf6 77.
e8=N+ 1-0

[Event "XXXVII Olimpiadi femminile"]
[Site "Torino ITA"]
[Date "2006.05.29"]
[Round "8.3"]
[White "Cinar Corlulu, Nilufer"]
[Black "Hagesaether, Torill"]
[Result "0-1"]
[WhiteElo "2043"]
[BlackElo "2007"]
[Annotator "TUR-NOR"]
[PlyCount "102"]
[EventDate "2006.05.21"]

1. e4 e5 2. Nf3 Nc6 3. Nc3 Nf6 4. g3 Bc5 5. Bg2 O-O 6. O-O d6 7. d3 a6 8. Be3
Bxe3 9. fxe3 Bg4 10. h3 Bh5 11. g4 Bg6 12. Nh4 Nxe4 13. Qe1 Nxc3 14. bxc3 Rb8
15. c4 Ne7 16. Nf5 Qd7 17. Be4 Rfe8 18. Qb4 Nc6 19. Qa4 Bxf5 20. Rxf5 Re7 21.
Raf1 Nd8 22. Qb4 c6 23. Qe1 d5 24. cxd5 cxd5 25. Bg2 Rc8 26. R5f2 Rc7 27. Qa5
d4 28. exd4 Qxd4 29. Kh2 g6 30. Re2 Qd6 31. Kh1 Nc6 32. Qd5 Qxd5 33. Bxd5 Nd4
34. Ref2 Nxc2 35. Rc1 Nb4 36. Rxc7 Rxc7 37. Be4 b5 38. a3 Rc1+ 39. Kg2 Nc2 40.
Kg3 Nxa3 41. Bd5 Rc7 42. h4 Rd7 43. Be4 b4 44. h5 Nb5 45. hxg6 hxg6 46. Rf6 Rd6
47. Rf3 Nc3 48. Bb7 a5 49. Re3 b3 50. Rxe5 Rxd3+ 51. Kf4 b2 0-1

[Event "XXXVII Olimpiadi femminile"]
[Site "Torino ITA"]
[Date "2006.05.29"]
[Round "8.1"]
[White "Berezina, Irina"]
[Black "Tilenbaeva, Janyl"]
[Result "0-1"]
[WhiteElo "2281"]
[BlackElo "2051"]
[Annotator "AUS-KGZ"]
[PlyCount "90"]
[EventDate "2006.05.21"]

1. d4 d5 2. c4 c6 3. Nf3 Nf6 4. Nc3 g6 5. Bg5 Bg7 6. e3 O-O 7. h3 Nbd7 8. cxd5
Nxd5 9. Be2 Qa5 10. Qd2 e5 11. Nxd5 Qxd5 12. dxe5 Qxd2+ 13. Nxd2 Nxe5 14. f4
Nd7 15. Rb1 Nb6 16. Kf2 Be6 17. b3 Nd5 18. Rbc1 Rae8 19. Ne4 f6 20. Bh4 g5 21.
Bg3 gxf4 22. exf4 f5 23. Nd6 Bd4+ 24. Ke1 Re7 25. Nc4 Rg7 26. Bf2 Bxf2+ 27.
Kxf2 Nxf4 28. Bf1 Bd5 29. Rg1 h5 30. g3 Ne6 31. Be2 f4 32. Bxh5 fxg3+ 33. Ke3
g2 34. Bg4 Ng5 35. Nd6 Nxh3 36. Bxh3 Rg3+ 37. Kd4 Rxh3 38. Ne4 Bxe4 39. Kxe4
Rf2 40. Ra1 Kf7 41. Kd4 Ke6 42. Ke4 Kf6 43. b4 Rb2 44. a3 Rc2 45. Kd4 b5 0-1

[Event "XXXVII Olimpiadi femminile"]
[Site "Torino ITA"]
[Date "2006.05.29"]
[Round "8.2"]
[White "Samaganova, Alexandra"]
[Black "Moylan, Laura"]
[Result "1-0"]
[WhiteElo "2087"]
[BlackElo "2127"]
[Annotator "AUS-KGZ"]
[PlyCount "151"]
[EventDate "2006.05.21"]

1. c4 e5 2. Nc3 f5 3. e3 Nf6 4. Nf3 Nc6 5. Be2 d6 6. O-O g6 7. d4 e4 8. Nd2 Bg7
9. Rb1 O-O 10. b4 Bd7 11. b5 Ne7 12. a4 Qe8 13. Ba3 Kh8 14. Qb3 Be6 15. a5 Nd7
16. b6 axb6 17. axb6 c5 18. Nb5 Nc8 19. Nc7 Rxa3 20. Qxa3 Qe7 21. Nb3 Ncxb6 22.
dxc5 dxc5 23. Nxe6 Ra8 24. Qc1 Qxe6 25. Kh1 Ra4 26. Nd2 Ne5 27. Qc2 Ra3 28. Rb3
Rxb3 29. Qxb3 h6 30. Rb1 Ned7 31. Qc2 Be5 32. Nb3 Qd6 33. Rd1 Qc7 34. g3 Na4
35. Qd2 Nf6 36. f4 exf3 37. Bxf3 Nc3 38. Qd8+ Kg7 39. Rd3 Qxd8 40. Rxd8 b6 41.
Kg2 Kf7 42. Ra8 Ke7 43. Ra6 Bc7 44. Nc1 b5 45. cxb5 Nxb5 46. Rc6 Bd6 47. Nb3
Nd7 48. Rc8 Na3 49. Na5 Ne5 50. Nc6+ Nxc6 51. Bxc6 Nc4 52. Kf2 Ne5 53. Bf3 Kd7
54. Ra8 Nxf3 55. Kxf3 c4 56. Ke2 h5 57. Rg8 h4 58. gxh4 Bxh2 59. Rxg6 Be5 60.
h5 Ke7 61. Rc6 c3 62. Kd3 Kf7 63. Kc2 Bf6 64. Rc7+ Kg8 65. Rc5 Bg5 66. Kd3 c2
67. Rxc2 Kg7 68. Rc6 Kh7 69. Rg6 Bd8 70. Kc4 Bc7 71. Rf6 Bd8 72. Rxf5 Kh6 73.
e4 Bg5 74. e5 Kxh5 75. e6 Kg6 76. Rxg5+ 1-0

[Event "XXXVII Olimpiadi femminile"]
[Site "Torino ITA"]
[Date "2006.05.29"]
[Round "8.3"]
[White "Caoili, Arianne"]
[Black "Ostry, Irina"]
[Result "0-1"]
[WhiteElo "2169"]
[BlackElo "2182"]
[Annotator "AUS-KGZ"]
[PlyCount "70"]
[EventDate "2006.05.21"]

1. c4 Nf6 2. Nc3 g6 3. e4 d6 4. d4 Bg7 5. Bd3 O-O 6. Nge2 e5 7. d5 c6 8. O-O
Nbd7 9. h3 Ne8 10. Be3 c5 11. Qd2 Qe7 12. Rae1 a6 13. g4 b5 14. cxb5 axb5 15.
Bxb5 f5 16. f3 Nc7 17. Bd3 f4 18. Bf2 Bf6 19. Ra1 h5 20. Kg2 Kg7 21. Nc1 hxg4
22. hxg4 Rh8 23. Nb3 Bg5 24. Qe2 Nf6 25. Nd2 Bd7 26. a4 Raf8 27. Nb5 Na8 28. a5
Bh4 29. Kg1 Bg3 30. Bxg3 fxg3 31. Rfd1 Rh2 32. Qe1 Rf2 33. Be2 Ne8 34. Nf1 Qh4
35. f4 Rxf1+ 0-1

[Event "XXXVII Olimpiadi femminile"]
[Site "Torino ITA"]
[Date "2006.05.29"]
[Round "8.1"]
[White "Leite, Catarina"]
[Black "Franco Valencia, Angela Maria"]
[Result "1-0"]
[WhiteElo "2218"]
[BlackElo "2076"]
[Annotator "POR-COL"]
[PlyCount "141"]
[EventDate "2006.05.21"]

1. e4 e5 2. Nf3 Nc6 3. Bb5 a6 4. Ba4 d6 5. c3 Bd7 6. O-O g6 7. Qe2 Bg7 8. Rd1
Nge7 9. d4 O-O 10. Bc2 h6 11. Be3 g5 12. dxe5 dxe5 13. h4 g4 14. Nh2 h5 15. Nf1
Ng6 16. Ng3 Nb8 17. Bg5 Bf6 18. Bh6 Bg7 19. Qe3 Nf4 20. Bxf4 exf4 21. Qxf4 Qxh4
22. e5 Re8 23. Bb3 Qe7 24. Nxh5 Bxe5 25. Qh6 Bc6 26. Qg6+ Kf8 27. Qxg4 Nd7 28.
Nd2 Nc5 29. Bc2 Bd7 30. Bf5 Bxf5 31. Qxf5 Qe6 32. Qxe6 Rxe6 33. Nc4 Bh8 34. Ng3
Ne4 35. Nxe4 Rxe4 36. Ne3 Be5 37. Rd3 Re8 38. Kf1 Rh4 39. Ke2 Rh2 40. Kf3 Re6
41. Ng4 Rh5 42. g3 Bd6 43. Rad1 Kg7 44. Rd5 f5 45. Ne3 Kg6 46. Rg1 b6 47. Ng2
Kf6 48. Rgd1 Rh2 49. R1d2 Re8 50. Ne3 Rh5 51. Nc4 Bf8 52. a4 Rh7 53. Rd1 a5 54.
Ne3 Re5 55. Rxe5 Kxe5 56. Rd5+ Ke6 57. Rxf5 Bc5 58. Rf4 Rd7 59. Re4+ Kf7 60.
Ke2 Rd8 61. Nc4 Kf6 62. Ne5 Kf5 63. Nc6 Rd6 64. Rf4+ Kg5 65. Nd4 Rh6 66. Nf3+
Kg6 67. Ne5+ Kg7 68. Rf7+ Kg8 69. Rxc7 Re6 70. f4 Bd6 71. Rc6 1-0

[Event "XXXVII Olimpiadi femminile"]
[Site "Torino ITA"]
[Date "2006.05.29"]
[Round "8.2"]
[White "Palao, Maricela"]
[Black "Coimbra, Margarida"]
[Result "1-0"]
[WhiteElo "2152"]
[BlackElo "2070"]
[Annotator "POR-COL"]
[PlyCount "45"]
[EventDate "2006.05.21"]

1. d4 d5 2. c4 c6 3. Nf3 Nf6 4. Nbd2 Bf5 5. e3 e6 6. Be2 h6 7. O-O Bd6 8. b3
Nbd7 9. Bb2 O-O 10. Ne5 c5 11. f4 Ne4 12. Ndf3 f6 13. Nd3 b6 14. Nde1 Bg6 15.
cxd5 exd5 16. dxc5 Bxc5 17. Qxd5+ Kh8 18. Nd4 Nd2 19. Rf2 Qe8 20. Nec2 Bxc2 21.
Nxc2 Bxe3 22. Nxe3 Qxe3 23. Bb5 1-0

[Event "XXXVII Olimpiadi femminile"]
[Site "Torino ITA"]
[Date "2006.05.29"]
[Round "8.3"]
[White "Pintor, Ariana"]
[Black "Franco Valencia, Beatriz Irene"]
[Result "0-1"]
[WhiteElo "2064"]
[BlackElo "2048"]
[Annotator "POR-COL"]
[PlyCount "134"]
[EventDate "2006.05.21"]

1. e4 e6 2. d3 d5 3. Nd2 c5 4. Ngf3 Nc6 5. g3 Bd6 6. Bg2 Nge7 7. O-O O-O 8. Re1
Qc7 9. exd5 exd5 10. d4 cxd4 11. Nb3 d3 12. cxd3 Nb4 13. Nfd4 a6 14. Bg5 f6 15.
Be3 Qd8 16. f4 Bc7 17. Nc5 Qd6 18. Nce6 Rf7 19. Nxc7 Qxc7 20. Qa4 Nxd3 21. Re2
Qd6 22. Rd1 Bd7 23. Qa5 b6 24. Qd2 Nc5 25. b4 Ne4 26. Qb2 Bg4 27. Nf3 Rc8 28.
Rc2 Rxc2 29. Qxc2 Qxb4 30. Rb1 Qc4 31. Qxc4 dxc4 32. Bxb6 Bxf3 33. Bxf3 Nd2 34.
Rf1 Nxf1 35. Kxf1 Nc8 36. Ba5 Kh8 37. Bd5 Re7 38. Bxc4 Ra7 39. Ke2 Nd6 40. Bb3
Nb5 41. Bb6 Rd7 42. Ke3 g6 43. Bc5 Kg7 44. f5 Nc3 45. fxg6 hxg6 46. Bd4 Nb5 47.
Bc5 Rd8 48. h4 Rc8 49. Bb4 Rd8 50. Bc5 Nd6 51. Kf4 Nb5 52. Ke3 Nc3 53. Bd4 Nd5+
54. Ke4 Nb4 55. Be3 a5 56. Bf4 Ra8 57. Bd6 f5+ 58. Ke3 Ra6 59. Be5+ Kh7 60. Kf3
a4 61. Bc4 Rc6 62. Bf7 Rc2 63. a3 Nd3 64. Bf6 Nc1 65. g4 fxg4+ 66. Kxg4 Rf2 67.
Kg5 Rf5+ 0-1

[Event "XXXVII Olimpiadi femminile"]
[Site "Torino ITA"]
[Date "2006.05.29"]
[Round "8.1"]
[White "Cast, Abigail"]
[Black "Titova-Boric, Elena"]
[Result "0-1"]
[WhiteElo "2116"]
[BlackElo "2284"]
[Annotator "WLS-BIH"]
[PlyCount "118"]
[EventDate "2006.05.21"]

1. d4 f5 2. g3 Nf6 3. Bg2 e6 4. c3 d5 5. Qb3 Bd6 6. Bg5 h6 7. Bxf6 Qxf6 8. Nd2
O-O 9. Ngf3 Nd7 10. c4 c6 11. O-O Kh8 12. Rac1 g5 13. Qd3 Qg7 14. c5 Bc7 15. b4
e5 16. dxe5 Nxe5 17. Nxe5 Bxe5 18. b5 f4 19. e4 fxe3 20. fxe3 Bd7 21. a4 Rae8
22. e4 Bb2 23. Rxf8+ Rxf8 24. Rf1 Qd4+ 25. Qxd4+ Bxd4+ 26. Kh1 Rxf1+ 27. Bxf1
Bxc5 28. exd5 cxd5 29. Nb3 Bb6 30. h3 Kg7 31. g4 Kf6 32. Kg2 Ke5 33. Kf3 Be6
34. a5 Bg1 35. Kg2 Bd4 36. Kf3 b6 37. a6 Bc3 38. Nc5 Bc8 39. Nb7 Bd7 40. Bd3
Kd4 41. Be2 Bb4 42. Nd8 Kc3 43. Nc6 Bxc6 44. bxc6 Bd6 45. Ke3 Bf4+ 46. Kf3 Kd4
47. Bb5 Kc5 48. c7 Bxc7 49. Bd7 b5 50. Ke3 Be5 51. Kd3 b4 52. Ba4 Kb6 53. Bb3
Kxa6 54. Bxd5 Kb5 55. Bf7 Ka4 56. Kc2 Ka3 57. Kb1 b3 58. Kc1 a5 59. Kb1 Kb4 0-1